| 000 | 00737nam a2200241 a 4500 | ||
|---|---|---|---|
| 001 | BRCA_7468 | ||
| 005 | 20190320205840.0 | ||
| 008 | 180413s1874----fr-a######---#000-0#fre-# | ||
| 041 | _afre | ||
| 044 | _afr | ||
| 050 | 4 |
_aDP41 _b.D38 1874 |
|
| 100 | 1 |
_aDavillier, Jean Charles _cbarón _d1823-1883 _912438 |
|
| 245 | 1 | 0 |
_aL´Espagne _cpar le Baron Ch. Davillier ; illustree par Gustave Dore. |
| 260 |
_aParís _bHachette _c1874 |
||
| 300 |
_a799 p. _bil., 309 láminas |
||
| 500 | _aEdición con cantos dorados | ||
| 500 | _aQ226 | ||
| 651 | 4 |
_aEspaña _xDescripción y viajes _97912 |
|
| 651 | 4 |
_aEspaña _xVida social y costumbres _914203 |
|
| 700 | 1 |
_aDoré, Paul Gustave _d1832-1883 _eil. _918387 |
|
| 902 | _aGFM | ||
| 942 |
_2lcc _cB |
||
| 999 |
_c7144 _d7144 |
||